000 00552nam a2200181 i 4500
001 46903
003 ES-MaACL
005 20230906161452.0
007 t|
008 030402s1975 sp af |||| | spa d
100 1 _aConsigli, Luciano.
_940229
245 1 0 _aDecoración de embarcaciones /
_cLuciano Consigli ; [traducido por Jaime Forga].
260 _a[Barcelona] :
_bGustavo Gili,
_c1975.
300 _a152 p., 73 lám. :
_bil. ;
_c27 cm.
650 4 _aBarcos-
_xDecoración.
_9165697
700 1 _aForga, Jaime.
_951738
852 _aES-MaACL
_jE-8535
999 _c46903
_d46903